| 000 | 01118nam a2200277 a 4500 | ||
|---|---|---|---|
| 999 |
_c330906 _d330906 |
||
| 003 | BLK | ||
| 005 | 20250625090606.0 | ||
| 008 | 190508b bu |||||r|||| 00| 0 bu d | ||
| 020 | _a9786190202240 | ||
| 040 | _aBLK | ||
| 041 |
_aBUL _cBUL |
||
| 080 |
_aШведска литература _b821.113.6 _x-312.4 _z821.113.6-312.4 |
||
| 100 |
_aЛекберг, Камила _eпърви автор _91299 |
||
| 139 |
_aЛекберг, Камила _bЛ 41 |
||
| 245 |
_aВещицата _cКамила Лекберг ; прев. от швед. Любомир Гиздов. |
||
| 260 |
_9209486 _aСофия _bКолибри _c2018 _fСофия: Инвестпрес |
||
| 300 |
_a646 с. _c20 см |
||
| 380 | _aX | ||
| 490 | _aСъвременни трилъри | ||
| 500 | _aОриг. загл.: Haxan / Camilla Läckberg. - Биогр. данни за авт. отбелязани на гърба на кор. | ||
| 700 |
_aГиздов, Любомир Емилов _9455395 |
||
| 852 | _aЦб 294643 | ||
| 942 |
_cKNG _n0 _057 _s1 |
||
| 944 |
_aCR _c2019-05-08 _k30552 _lВиолета Тройчева |
||
| 999 | _d330906 | ||